000 00388nam a22001457a 4500
003 SGT
082 _a617.84
_bC24T
100 _aTABIYAR, UTSAV
245 _aCORRELATION OF MUSCLE ACTIVATION PATTERN OF CORE AND GROIN MUSCULATURE IN FOOTBALLERS WITH GROWN INJURY
260 _aGURUGRAM
_bSGT UNIVERSITY
_c2024
300 _a143
650 _aSPORTS
653 _aMPT
942 _2ddc
_cTH
999 _c32204
_d32204